000 00816nam a22002057a 4500
005 20240530110510.0
008 151024s2012 ua a f 000 0 ara d
017 _a2011/5842
_bمصر . دار الكتب المصرية
040 _aEG-CaGPL
082 0 4 _221
_a303.4
_bق/ع ث
100 0 _aعبدالعليم يحيى شلبى .
245 1 0 _aثورة 25 يناير :
_bرؤية عقلية /
_cتاليف عبدالعليم يحيى شلبى .
250 _aط1.
260 _aالقاهرة :
_bمكتبة جزيرة الورد ،
_c2012 .
300 _a56 ص ؛
_c24 سم .
651 0 4 _aمصر
_xالتغير الاجتماعى
_yثورة 25 يناير .
651 0 4 _aمصر
_xالاحوال السياسية
_yثورة 25 يناير .
942 _2ddc
_cBK
999 _c61651
_d61651